<?xml version="1.0" encoding="UTF-8"?>
<record
    xmlns:xsi="http://www.w3.org/2001/XMLSchema-instance"
    xsi:schemaLocation="http://www.loc.gov/MARC21/slim http://www.loc.gov/standards/marcxml/schema/MARC21slim.xsd"
    xmlns="http://www.loc.gov/MARC21/slim">

  <leader>02420    a2200193   4500</leader>
  <controlfield tag="001">54204</controlfield>
  <controlfield tag="005">20260407155812.0</controlfield>
  <controlfield tag="008">260407a1960    arg                 spa d</controlfield>
  <controlfield tag="003">AR-UNSa-BCEJYS</controlfield>
  <datafield tag="040" ind1=" " ind2=" ">
    <subfield code="a">AR-UNSa-BCEJYS</subfield>
    <subfield code="b">spa</subfield>
    <subfield code="c">AR-UNSa-BCEJYS</subfield>
  </datafield>
  <datafield tag="080" ind1=" " ind2=" ">
    <subfield code="a">330.342</subfield>
    <subfield code="x">Nivel de desarrollo. Grados del desarrollo de la econom&#xED;a. Sistemas econ&#xF3;micos</subfield>
  </datafield>
  <datafield tag="245" ind1="1" ind2="0">
    <subfield code="a">Origen y contenido del an&#xE1;lisis econ&#xF3;mico moderno</subfield>
  </datafield>
  <datafield tag="264" ind1=" " ind2="1">
    <subfield code="a">Barcelona :</subfield>
    <subfield code="b">Ediciones Ariel</subfield>
    <subfield code="c">1960</subfield>
  </datafield>
  <datafield tag="300" ind1=" " ind2=" ">
    <subfield code="a">514 p.</subfield>
    <subfield code="c">24 cm.</subfield>
  </datafield>
  <datafield tag="505" ind1=" " ind2=" ">
    <subfield code="a">I. An&#xE1;lisis preferentemente deductivos: ejemplos extra&#xED;dos del pensamiento econ&#xF3;mico antiguo,medieval y moderno - II. El elemento inductivo - III. Contribuciones mercantiles - IV. El sistema fisiocr&#xE1;tico y Turgot - V. Comentarios generales sobre la escuela cl&#xE1;sica - VI. La teor&#xED;a cl&#xE1;sica del fondo de salarios,de la poblaci&#xF3;n y de los rendimientos decrecientes - VII. La teor&#xED;a cl&#xE1;sica de la renta y su generalizaci&#xF3;n - VIII. La ley de Say y el problema del pleno empleo - IX. El desarrollo econ&#xF3;mico - X. La teor&#xED;a cl&#xE1;sica del valor - XI. La teor&#xED;a cl&#xE1;sica del libre cambio - XII. El socialismo marxista - XIII. La econom&#xED;a neocl&#xE1;sica y contempor&#xE1;nea: observaciones introductorias - XIV. Proposiciones b&#xE1;sicas de la teor&#xED;a de la elecci&#xF3;n racional del consumidor - XV. Las curvas de indiferencia y el problema de la mensurabilidad - XVI. Determinaci&#xF3;n del precio de producci&#xF3;n de la empresa - XVII. Las estructuras del mercado - XVIII. Supresi&#xF3;n de algunos supuestos simplificadores - XIX. La formaci&#xF3;n del precio de los factores de la producci&#xF3;n (distribuci&#xF3;n funcional de la renta) - XX. Macro y microeconom&#xED;a,est&#xE1;tica y din&#xE1;mica - XXI. Determinaci&#xF3;n del producto bajo supuestos distintos de los de Say - XXII. La funci&#xF3;n del sector p&#xFA;blico en el sistema ahorro-inversi&#xF3;n - XXIII. Introducci&#xF3;n expl&#xED;cita de factores din&#xE1;micos - XXIV. Perturbaciones c&#xED;clicas - XXV. Ense&#xF1;anzas que pueden extraerse de una exposici&#xF3;n esquem&#xE1;tica de las expansiones y de las crisis importantes - XXVI. Introducci&#xF3;n a los cap&#xED;tulos relativos a la pol&#xED;tica econ&#xF3;mica - XXVII. La competencia y el monopolio como problemas pol&#xED;ticos - XXVIII. Pol&#xED;ticas de pleno empleo y presiones inflacionistas - XXIX. Pol&#xED;ticas de redistribuci&#xF3;n - XXX. Problemas de pol&#xED;tica econ&#xF3;mica internacional</subfield>
  </datafield>
  <datafield tag="942" ind1=" " ind2=" ">
    <subfield code="c">BK</subfield>
  </datafield>
  <datafield tag="590" ind1=" " ind2=" ">
    <subfield code="a">niveau_biblio:m niveau_hierar:0</subfield>
  </datafield>
  <datafield tag="100" ind1="1" ind2=" ">
    <subfield code="a">Fellner, William</subfield>
  </datafield>
  <datafield tag="999" ind1=" " ind2=" ">
    <subfield code="c">5375</subfield>
    <subfield code="d">5375</subfield>
  </datafield>
  <datafield tag="952" ind1=" " ind2=" ">
    <subfield code="0">0</subfield>
    <subfield code="1">0</subfield>
    <subfield code="4">0</subfield>
    <subfield code="7">0</subfield>
    <subfield code="a">BCEJYS</subfield>
    <subfield code="b">BCEJYS</subfield>
    <subfield code="c">16</subfield>
    <subfield code="d">2026-04-07</subfield>
    <subfield code="l">0</subfield>
    <subfield code="o">330.342 F317</subfield>
    <subfield code="p">L21960</subfield>
    <subfield code="r">2026-04-07 15:58:12</subfield>
    <subfield code="w">2026-04-07</subfield>
    <subfield code="y">L</subfield>
  </datafield>
</record>
